00873nam a22002177a 4500010001100000035001100011037001800022040001200040082001600052100001900068245010000087260004200187270003600229300003400265650005100299650003300350650004400383942002500427999001900452952018400471 a124441 a124441 bCen Lib / Ret aDPLbEN a392.54bGWY aGwyer, Maurice aSpeeches and documents on the Indian Constitution, 1921-47 /cby Maurice L Gwyer ; A. Appadorai aBombaybOxford University Pressc1957 aOxford University PressbBombay a2 v ; v 2. 435-802p ; b24cm. aIndia -- Politics and government -- 1919-1947. aConstitutional law -- India. aInde. (Question). Documents Avant 1947. 2ddccENh392.54mGWY c136529d136529 04102ddc3v 24070aLbLd2016-03-04eCen Lib/Retl0o392.54 GWYp124441r2016-03-04 00:00:00t1w2016-03-04yENzWritten off on approval by DLB (By Circulation); dtd 15-06-2023